000 00524nam a2200169Ia 4500
999 _c14212
_d14212
003 OSt
005 20201021122159.0
008 190216s9999||||xx |||||||||||||| ||und||
040 _coclc
082 _a822.9004
_bRAO/R
100 _aRao, Prakash S
_95399
245 4 _aThe Restoration Drama :
_bRevaluations and Explications /
_cS Prakash Rao
260 _bAtlantic Publishers,
_c1994.
_aNew delhi:
300 _a61p
650 _aEnglish Drama
942 _cBK
_2ddc
_h822.9004
_iRAO/R
_k822.9004
_mRAO/R